Role of the speaker in the Bihar Legislative Assembly (Record no. 19519)

MARC details
000 -LEADER
fixed length control field 00463nam a2200145Ia 4500
082 ## - DEWEY DECIMAL CLASSIFICATION NUMBER
Classification number TJ.0052
100 ## - MAIN ENTRY--AUTHOR NAME
Personal name Jha, Jatadhar
245 #0 - TITLE STATEMENT
Title Role of the speaker in the Bihar Legislative Assembly
260 ## - PUBLICATION, DISTRIBUTION, ETC. (IMPRINT)
Year of publication 1976
Name of publisher L.N. Mithila University
300 ## - PHYSICAL DESCRIPTION
Number of Pages 218p. + C D - 36
650 ## - SUBJECT ADDED ENTRY--TOPICAL TERM
Topical Term BIHAR - LEGISLATIVE ASSEMBLY - SPEAKER
650 ## - SUBJECT ADDED ENTRY--TOPICAL TERM
Topical Term SPEAKER (LEGISLATIVE BODIES) - BIHAR//BIHAR - LEGISLATIVE ASSEMBLY - SPEAKER
710 ## - ADDED ENTRY--CORPORATE NAME
Corporate name or jurisdiction name as entry element Jha, Paromeshwar
942 ## - ADDED ENTRY ELEMENTS (KOHA)
Koha item type Thesis
Source of classification or shelving scheme Dewey Decimal Classification
Holdings
Withdrawn status Lost status Damaged status Not for loan Home library Current library Date acquired Full call number Accession Number Price effective from Koha item type
        NASSDOC Library NASSDOC Library 08/10/2004 TJ.0052 12327 18/04/2019 Thesis